00474nam a2200193Ia 4500003000900000008004100009040001300050040001300063041000800076100001600084245010100100250001000201260001200211260000900223300001100232300001000243490002100253490000600274IT-RoPAU120407s9999 xx 000 0 und d aIT-RoPAU cIT-RoPAU afra aJean Colson aL’épiscopat catholique. Collegialité et primauté dans les trois siècles de l’Eglise. aParis aDu Cerf c1963 a136 p. c22 cm aUnam sanctam, 43 v1